[Event "WSTCC-50 2020"]
[Site "Prague"]
[Date "2020.03.11"]
[Round "6.14"]
[White "Sergeyev, Alexander"]
[Black "Grabuzova, Tatiana"]
[Result "1-0"]
[WhiteElo "2398"]
[BlackElo "2272"]
[Annotator "TA"]
[PlyCount "133"]
[EventDate "2020.03.06"]
[EventType "team-tourn"]
[EventCountry "CZE"]
[SourceTitle "playchess.com"]
[Source "ChessBase"]
[SourceQuality "1"]

{[%evp 16,133,29,12,27,26,18,20,35,20,48,40,57,53,49,49,56,49,75,76,64,62,70,48,56,47,56,48,54,0,0,0,0,0,0,0,38,33,56,-1,23,19,94,91,94,94,94,94,102,102,95,100,109,109,109,109,119,80,242,237,253,259,233,229,237,211,287,279,289,272,255,239,239,152,616,612,1022,865,952,598,581,50,50,50,69,69,69,33,33,33,33,33,69,33,44,33,25,0,69,17,69,69,69,69,69,69,69,69,69,69,69,69,69,69,29962,29960,29965,29965,29966,29964]} 1. d4 e6 2. c4 d5 3. Nc3 c5 4. cxd5 exd5 5. Nf3 Nc6 6. g3 Nf6 7. Bg2 cxd4 8. Nxd4 Bc5 9. Nb3 Bb6 {D33: Tarrasch Defence: 6 g3 sidelines.} 10. O-O d4 11. Na4 O-O {The position is equal.} 12. Bg5 h6 13. Nxb6 axb6 14. Bxc6 bxc6 15. Bxf6 $1 Qxf6 16. Qxd4 Qd8 17. Rfd1 Be6 18. Qc3 Qe8 {[#]} 19. Rd2 $146 ({Predecessor:} 19. Nd2 f5 20. Nc4 f4 21. Nxb6 Rb8 22. Qd4 Rb7 23. Rd2 Qh5 24. Rc1 fxg3 25. hxg3 {1-0 (37) Gatto,C (2115)-Hackenberg,T (2085) ICCF email 2018}) 19... c5 20. a3 Qb5 21. Nc1 $1 Rfd8 22. Rxd8+ (22. f3 $14) 22... Rxd8 $11 23. Nd3 Bg4 $1 24. a4 Qa6 25. Kf1 Rd4 26. a5 bxa5 27. Re1 (27. Ra3 $1 $14) 27... Qc4 (27... Rc4 {is interesting.} 28. Qe5 Rc2 29. Qe4 Qc8 30. Qa4 Rd2) 28. f3 $36 {[%mdl 2048] White has good play.} Bh3+ (28... Bf5 $1 $11 {remains equal.}) 29. Kf2 $16 Bf5 {[%cal Rf5d3]} 30. Qxc4 Rxc4 {[%mdl 4096] Endgame KRB-KRN} 31. e4 $1 {[%cal Re4f5]} Be6 {[#]} 32. Rc1 $1 Rxc1 33. Nxc1 {KB-KN} Kf8 34. Nd3 c4 35. Nc5 Bc8 36. Ke3 Ke7 $2 (36... c3 $16 {was necessary.} 37. bxc3 Ke7) 37. Kd4 $18 Kd6 38. Kxc4 Kc6 39. f4 g6 40. h4 h5 41. Nb3 Be6+ 42. Kc3 Kb6 43. Nd4 Bc8 44. Nf3 Bb7 $2 (44... Kc5 $16 45. Ng5 f6) 45. Kd4 Kb5 46. Ne5 f5 47. exf5 gxf5 48. Kc3 $2 (48. Nf7 $18 Kb4 49. Nd6 {[%mdl 64] Double Attack}) 48... a4 $14 49. Nd7 Bc6 50. Nf6 Bf3 51. Ne8 {Threatens to win with Nd6+.} Kc5 52. Ng7 Bg4 53. Ne6+ Kb5 54. Nd4+ Kc5 55. Nc2 Bf3 56. Nd4 Bg4 $1 57. b4+ ({White should try} 57. b3 $14 axb3 58. Nxb3+ Kd5 59. Kd3) 57... axb3 (57... Kd5 $11) 58. Nxb3+ Kd5 59. Kd3 $1 Bf3 60. Nd2 Bg2 61. Ke3 Bh1 62. Nb1 Bg2 63. Nc3+ Kc4 64. Nd1 Bf1 $2 {[%mdl 8192]} (64... Kd5 $14) 65. Kf2 {White mates.} Bh3 {[#]} 66. Kg1 $1 Kd4 67. Nf2 {Accuracy: White = 77%, Black = 63%.} 1-0

[Event "WSTCC-50 2020"]
[Site "Prague"]
[Date "2020.03.11"]
[Round "6.15"]
[White "Yakimenko, Alexander A."]
[Black "Goriatchkin, Jouri"]
[Result "1/2-1/2"]
[WhiteElo "2149"]
[BlackElo "2310"]
[Annotator "TA"]
[PlyCount "83"]
[EventDate "2020.03.06"]
[EventType "team-tourn"]
[EventCountry "CZE"]
[SourceTitle "playchess.com"]
[Source "ChessBase"]
[SourceQuality "1"]

{[%evp 14,83,8,10,13,10,16,10,26,18,12,8,0,0,8,5,3,0,1,3,18,2,8,8,11,0,0,-12,19,12,14,13,13,10,10,0,0,0,16,0,0,0,0,0,0,0,0,0,-1,-12,-7,-6,-10,-23,0,-39,-37,-64,-16,-64,-12,-12,0,-64,0,-12,0,-64,-12,-22,0,0]} 1. e4 e6 2. d4 d5 3. Nc3 Nf6 4. Bg5 Bb4 5. Nge2 dxe4 6. a3 Be7 7. Bxf6 Bxf6 8. Nxe4 Nd7 {C12: French: Classical System: McCutcheon Variation.} 9. g3 Be7 10. Bg2 Nf6 11. O-O O-O 12. Qd3 {[#]} c6 $146 ({Predecessor:} 12... Rb8 13. Rad1 b6 14. c4 Bb7 15. N2c3 Nxe4 16. Bxe4 Bxe4 17. Qxe4 Re8 18. Rd3 Bf6 {1-0 (44) Mitrovic,S (2295)-Ziger,S (2215) Novi Sad 1989}) 13. N2c3 Rb8 14. Rad1 Qb6 15. Nxf6+ Bxf6 16. Ne4 Be7 17. b4 a5 18. c3 Qc7 19. f4 b6 20. Ng5 Bxg5 (20... g6 {seems wilder.} 21. Nf3 Ra8 22. Qe3 Ba6 23. Rf2 Bc4) 21. fxg5 axb4 22. axb4 c5 23. Qc4 {[%cal Rd4c5]} Bb7 24. d5 exd5 25. Bxd5 Qe7 26. Rfe1 Qxg5 27. bxc5 bxc5 28. Qxc5 {[#] Threatens to win with Bxf7+!} h6 29. c4 Bxd5 30. cxd5 Rfd8 31. Qd4 Rd6 32. Re5 Qg6 33. Rde1 Rb1 34. Rxb1 Qxb1+ $11 {[%mdl 4096] Endgame KQR-KQR} 35. Kg2 Qc2+ (35... Qb5 {looks sharper.} 36. h3 Ra6 37. Rf5 Qb1 38. Rf1 Ra2+) 36. Kh3 Qc8+ (36... f6 $15 37. Re4 Qc7) 37. Kg2 $1 Qc2+ (37... Qd7 $11) 38. Kh3 $15 Qc8+ (38... f6 $15 39. Qb4 Rd8) 39. Kg2 $11 Qc2+ (39... Qb7 $11) 40. Kh3 $15 Kh7 (40... f6 $15 41. Re4 Qc7) 41. Qf4 Qc8+ 42. Kg2 {Accuracy: White = 92%, Black = 84%.} 1/2-1/2

[Event "WSTCC-50 2020"]
[Site "Prague"]
[Date "2020.03.11"]
[Round "6.16"]
[White "Tolstikh, Nikolay"]
[Black "Chudinovskikh, Alexander M"]
[Result "1/2-1/2"]
[WhiteElo "2320"]
[BlackElo "2139"]
[Annotator "TA"]
[PlyCount "100"]
[EventDate "2020.03.06"]
[EventType "team-tourn"]
[EventCountry "CZE"]
[SourceTitle "playchess.com"]
[Source "ChessBase"]
[SourceQuality "1"]

{[%evp 21,100,41,68,58,66,33,63,15,24,22,22,19,39,32,71,17,14,10,46,38,36,41,29,30,60,56,64,53,54,18,153,116,144,118,116,126,131,122,130,130,165,75,70,85,115,33,37,36,42,25,35,40,43,9,10,8,11,0,0,0,0,0,0,0,0,0,0,0,0,0,8,8,8,0,8,8,8,8,8,8,8]} 1. d4 Nf6 2. c4 e6 3. Nf3 c5 4. d5 exd5 5. cxd5 d6 6. Nc3 g6 7. Nd2 Nbd7 8. e4 Bg7 9. Be2 O-O 10. O-O Re8 11. a4 Ne5 12. Ra3 {A77: Modern Benoni: Classical: 9...Re8 10 Nd2: 10...a6 and 10...Nbd7.} b6 13. h3 {[#]} g5 $146 ({Predecessor:} 13... h5 14. Re1 Qc7 15. Qc2 Bb7 16. Nc4 Nxc4 17. Bxc4 Re7 18. Bf4 a6 19. Re2 Rae8 20. f3 Nd7 21. b3 Ne5 22. Kf2 Bf6 {½-½ (22) Stephens,R-Strong,C New Zealand 1994}) 14. Nf3 {White is slightly better.} Nxf3+ 15. Bxf3 h6 16. Re1 Re5 17. Nb1 h5 18. g4 (18. Nd2 $16) 18... hxg4 $11 19. hxg4 Qe7 20. Rae3 Qd7 21. Nd2 Ba6 22. b3 Nh7 23. Bb2 Nf8 $1 24. Bxe5 Bxe5 25. Be2 Bb7 (25... Bxe2 $11 26. Qxe2 Ng6) 26. Bb5 Qc7 27. Nc4 Bd4 {Black wants to play ...a6.} 28. Rd3 a6 29. Bc6 $1 {[%cal Rc6b7]} Bxc6 30. dxc6 {Black must now prevent Ne3.} Qxc6 {[#]} 31. Rxd4 (31. Ne3 $1 $18 {has better winning chances.}) 31... cxd4 $16 32. Qxd4 {[%mdl 64] Double Attack} b5 33. Nxd6 (33. axb5 $16 axb5 34. Nb6 (34. Nxd6 Rd8 $16) (34. Qxd6 Qd7 $14)) 33... Rd8 $14 34. e5 {Hoping for axb5.} bxa4 35. bxa4 Ng6 36. Qe4 Qxe4 37. Nxe4 {[%mdl 4096] Endgame KRN-KRN} (37. Rxe4 {keeps more tension.} Kf8 38. f3 f6 39. Nc4 fxe5 40. Nxe5 Nf4 41. Rc4) 37... Rd4 {The position is equal.} 38. f3 Rxa4 39. Nxg5 Ra5 40. e6 Rxg5 41. e7 Nxe7 $1 42. Rxe7 $11 {KR-KR} Ra5 43. Kg2 f5 44. gxf5 Rxf5 45. Ra7 Rf6 46. Kg3 Rb6 47. Kg4 Rc6 48. f4 Rb6 49. Kg5 Rc6 50. f5 Rb6 {Accuracy: White = 66%, Black = 81%.} 1/2-1/2

[Event "WSTCC-50 2020"]
[Site "Prague"]
[Date "2020.03.11"]
[Round "6.17"]
[White "Arkell, Keith C"]
[Black "Cummings, David H."]
[Result "1/2-1/2"]
[WhiteElo "2447"]
[BlackElo "2342"]
[Annotator "TA"]
[PlyCount "205"]
[EventDate "2020.03.06"]
[EventType "team-tourn"]
[EventCountry "CZE"]
[SourceTitle "playchess.com"]
[Source "ChessBase"]
[SourceQuality "1"]

{[%evp 22,204,0,0,-1,0,0,-4,0,-12,0,-2,-10,-20,14,-12,-13,-56,-14,-36,-14,-37,-52,-45,-14,-14,-14,-16,-22,-8,0,-15,-13,-22,0,0,0,0,0,0,0,0,0,-35,-33,-106,-42,-73,-76,-112,-36,-34,0,-56,-38,-67,-69,-65,-52,-73,-68,-82,-66,-70,-54,-75,0,0,0,0,0,0,21,0,7,0,14,0,0,0,0,0,0,0,0,0,0,0,0,0,0,-8,0,0,0,0,0,-14,0,-47,-21,-21,0,0,0,0,0,0,0,0,0,0,0,0,0,0,0,0,0,0,0,0,0,0,0,0,0,0,0,0,0,0,0,0,0,0,0,0,0,0,0,0,0,0,0,0,0,0,0,0,0,0,0,0,0,0,0,0,0,0,0,0,0,0,0,0,0,0,0,0,0,0,0,0,0,0,0,0,0,0,0,0,0,0,0]} 1. c4 e6 2. d4 Nf6 3. Nf3 d5 4. cxd5 exd5 5. Nc3 c6 6. Qc2 g6 7. Bg5 Be7 8. Bxf6 Bxf6 9. e3 Bf5 10. Bd3 Bxd3 11. Qxd3 O-O 12. b4 {12.h4 deserves study.} a6 {D36: Queen's Gambit Declined: Exchange Variation: Main line (5 Bg5 c6 6 Qc2).} 13. O-O Nd7 14. a4 Nb6 15. Rfc1 Be7 {[#]} 16. Qb1 $146 ({Predecessor:} 16. Rab1 Bd6 17. Qd1 Re8 18. g3 Qe7 19. Qb3 Qe6 20. Re1 Qf5 21. Kg2 h5 22. Re2 {1-0 (61) Arkell,K (2453)-Fischer,D (2324) London 2018}) 16... Bd6 17. Qb3 Qd7 18. Rab1 Rfe8 19. g3 Qf5 20. Qd1 h5 21. Qe2 Kg7 22. Kg2 Re7 23. Qc2 Qd7 24. Qd3 Rae8 25. Re1 Qg4 26. h3 Qd7 27. a5 Na8 {[%cal Bb6a8,Ba8c7,Bc7e6,Be6g7,Bg7f5][%mdl 32]} 28. Na4 Nc7 29. Nc5 Qc8 30. Re2 Ne6 31. Qc3 Kg8 32. Nd3 Ng7 33. Nfe5 (33. Rh1 $15) 33... Kh7 (33... g5 $17 {Threatens to win with ...f6.} 34. Nc5 Bxe5 35. dxe5 Rxe5) 34. Qc2 Nf5 35. Rbe1 f6 (35... Qb8 $17 36. g4 Nh4+ 37. Kg3 g5) 36. Nf3 $15 Kg7 37. Qd2 (37. Nc5 $11) 37... Qc7 {[%cal Rd6g3] aiming for ...Bxg3!} 38. Nf4 Bxf4 39. gxf4 Qd7 40. Rg1 Qe6 {[#] Hoping for ...Qe4.} 41. Qd3 Kf7 42. Kh2 Rg8 43. Ree1 Qe4 (43... Ke8 $17) 44. Qxe4 $11 Rxe4 (44... dxe4 $5 45. Nd2 $8 Rh8 $11) 45. Rc1 Re7 46. Kg2 Rge8 47. Rc3 Re6 48. Re1 R6e7 49. Kf1 Re4 50. Re2 R4e7 51. Ke1 Nd6 52. Kd1 Rg8 53. h4 Ne4 54. Rc1 g5 55. fxg5 fxg5 56. hxg5 {Threatening Ne5+.} Nxg5 57. Ne5+ Kf6 58. f3 Nf7 59. Nd3 Rg3 60. Kd2 (60. b5 $5) 60... Rxf3 61. Rh1 {The position is equal.} Rf5 62. Nf4 $1 Nd6 {[#] Strongly threatening ...Ne4+.} 63. Nxh5+ Kf7 64. Nf4 Ke8 65. Kd3 Kd7 66. Ng6 Rg7 67. Ne5+ Kc7 68. Reh2 Nf7 69. Rh7 Nxe5+ 70. dxe5 Rff7 71. Rxg7 Rxg7 {[%mdl 4096] Endgame KR-KR} 72. Rh4 b6 73. Kd4 bxa5 74. bxa5 Kd7 75. e4 dxe4 76. Kxe4 Rg1 77. Rh7+ Ke6 $1 78. Rh6+ Kd7 79. Rd6+ Ke7 80. Rxc6 Re1+ 81. Kd5 Rd1+ 82. Kc5 Re1 $1 83. Rc7+ ({Much less strong is} 83. Rxa6 $6 Rxe5+ 84. Kc6 Re6+ 85. Kb7 Re5 $14) 83... Ke6 $1 84. Rc6+ Kxe5 85. Rxa6 Rc1+ 86. Kb6 Kd6 87. Kb7+ Kd7 88. Rb6 Rc7+ 89. Kb8 Rc8+ 90. Ka7 Rc7+ 91. Rb7 Kc8 92. a6 Rc6 93. Rb8+ Kc7 94. Rb1 (94. Rb7+ {seems wilder.}) 94... Kc8 95. Rh1 Kc7 96. Rh7+ Kc8 97. Rb7 Re6 98. Rb8+ Kc7 99. Rb7+ Kc8 100. Rb6 Rxb6 101. Kxb6 Kb8 102. a7+ Ka8 103. Ka6 {Accuracy: White = 89%, Black = 81%.} 1/2-1/2

[Event "WSTCC-50 2020"]
[Site "Prague"]
[Date "2020.03.11"]
[Round "6.18"]
[White "Plotkin, Victor"]
[Black "Flear, Glenn C"]
[Result "1/2-1/2"]
[WhiteElo "2339"]
[BlackElo "2420"]
[Annotator "TA"]
[PlyCount "31"]
[EventDate "2020.03.06"]
[EventType "team-tourn"]
[EventCountry "CZE"]
[SourceTitle "playchess.com"]
[Source "ChessBase"]
[SourceQuality "1"]

{[%evp 14,31,-4,-27,0,0,0,0,0,-9,-10,-4,-5,-11,0,-26,-17,-20,-11,14]} 1. e4 e5 2. Nf3 Nc6 3. Bc4 Bc5 4. d3 Nf6 5. Nc3 d6 6. Be3 Bxe3 7. fxe3 O-O 8. O-O Ne7 {C50: Hungarian Defence and Giuoco Pianissimo.} 9. Qe1 c6 10. Bb3 Ng6 11. Nh4 Nxh4 12. Qxh4 {[#]} Be6 $146 ({Predecessor:} 12... d5 13. Rad1 Be6 14. exd5 Nxd5 15. Qxd8 Raxd8 16. Bxd5 cxd5 17. a3 a6 18. d4 f6 {1-0 (55) Mihelj,E (1873)-Raimo,I (1703) Nova Gorica 2012}) 13. Rf3 Nd7 14. Qf2 Nc5 15. Bxe6 fxe6 16. Rxf8+ {A rather calm draw. Accuracy: White = 85%, Black = 88%.} 1/2-1/2

[Event "WSTCC-50 2020"]
[Site "Prague"]
[Date "2020.03.11"]
[Round "6.19"]
[White "McDonald, Neil"]
[Black "Findlay, Ian T."]
[Result "1-0"]
[WhiteElo "2410"]
[BlackElo "2159"]
[Annotator "TA"]
[PlyCount "67"]
[EventDate "2020.03.06"]
[EventType "team-tourn"]
[EventCountry "CZE"]
[SourceTitle "playchess.com"]
[Source "ChessBase"]
[SourceQuality "1"]

{[%evp 22,67,39,31,39,37,56,43,49,38,46,36,18,43,157,148,187,179,173,173,158,157,164,183,265,258,221,115,225,216,222,222,199,204,220,210,189,195,241,235,213,191,141,142,586,604,582,520]} 1. e4 c5 2. Nf3 d6 3. d4 cxd4 4. Nxd4 Nf6 5. Nc3 g6 6. Be3 Bg7 7. f3 Nc6 8. Qd2 O-O 9. O-O-O {[%cal Ba1d1,Bd1d4,Bd4g4][%mdl 32]} d5 10. Nxc6 bxc6 11. Bh6 $1 {[%mdl 4] now scores much better than the old 11.exd5.} Bxh6 12. Qxh6 Rb8 {B76: Sicilian Dragon: Yugoslav Attack, 9 g4 and 9 0-0-0.} 13. e5 Nd7 14. Rd4 $1 {[%cal Rd4h4]} Re8 $1 {[#] White is slightly better.} 15. e6 $146 ({Much weaker is} 15. Rh4 Nf8 $15) ({Predecessor:} 15. h4 Qb6 16. h5 Nf8 17. hxg6 fxg6 18. Rf4 Qe3+ 19. Kd1 Bf5 20. Bd3 e6 21. g4 Rxb2 22. gxf5 Reb8 23. Rb4 Qxh6 24. Rxh6 R2xb4 25. fxg6 hxg6 26. Bxg6 Kg7 {0-1 (26) Denivet,A (1932)-Roger,M (2125) Roux 2019}) 15... fxe6 16. Bd3 $40 {[%mdl 128] Bxg6! would kill now. White is up to no good.} Nf8 $1 17. h4 {h5 is the strong threat.} Qd6 {[#]} (17... e5 $14 18. Ra4 Qb6) 18. h5 $1 $16 {[%cal Rh5g6]} Qe5 {[#]} 19. Rg4 $1 {[%cal Rh5g6][%mdl 512]} Qg7 20. hxg6 Qxh6+ 21. Rxh6 {[%cal Rg6h7]} hxg6 22. Bxg6 {White wants to mate with Bh7+!} Nxg6 (22... Kg7 {keeps fighting.} 23. Bxe8+ Kxh6) 23. Rhxg6+ $18 Kf7 24. Rh6 (24. Rg7+ $18 Kf6 25. R4g5) 24... Rf8 (24... e5 $16 25. Rg5 Bd7) 25. Rf4+ Ke8 26. Rxf8+ Kxf8 {[%mdl 4096] Endgame KRB-KRN} 27. Rh8+ Kg7 28. Rd8 e5 29. a3 {[%cal Ba2a3,Ba3a4][%mdl 32]} a5 30. Na4 Kf7 31. Nc5 Rb5 32. Nd3 ({Don't take} 32. Rxc8 $6 Rxc5 33. Kd2 e4 $14) 32... Bb7 $2 {[%mdl 8192]} (32... e4 $16) 33. a4 Rb6 34. Rb8 {Accuracy: White = 90%, Black = 47%.} 1-0

[Event "WSTCC-50 2020"]
[Site "Prague"]
[Date "2020.03.11"]
[Round "6.20"]
[White "Barron, Michael"]
[Black "Plaskett, H James"]
[Result "1-0"]
[WhiteElo "2075"]
[BlackElo "2401"]
[Annotator "TA"]
[PlyCount "61"]
[EventDate "2020.03.06"]
[EventType "team-tourn"]
[EventCountry "CZE"]
[SourceTitle "playchess.com"]
[Source "ChessBase"]
[SourceQuality "1"]

{[%evp 12,61,40,48,61,27,22,27,46,27,37,0,0,16,83,34,45,37,47,31,58,58,62,19,63,33,18,28,61,60,62,67,71,25,14,14,37,19,384,390,393,393,400,400,393,393,379,240,376,389,765,749]} 1. e4 g6 2. d4 Bg7 3. Nc3 d6 4. Be3 c6 5. Qd2 b5 6. Bd3 Nd7 7. Nf3 Bb7 {B06: Modern Defence.} 8. a4 b4 9. Ne2 a5 {White has an edge.} 10. Ng3 {[#]} h5 $146 ({Predecessor:} 10... Qc8 11. c3 bxc3 12. bxc3 Ba6 13. O-O Bxd3 14. Qxd3 Ngf6 15. e5 dxe5 16. Nxe5 O-O {½-½ (32) Abu Sufian,S (2374)-Rahman,Z (2525) Dhaka 2012}) 11. h4 Nh6 12. c3 Rb8 (12... Ng4 $11 {keeps the balance.}) 13. O-O Ng4 14. Bg5 $36 {[%mdl 2048] Black is under pressure.} c5 15. Bb5 {And now dxc5 would win.} bxc3 16. bxc3 O-O 17. Rfe1 Rc8 18. Rad1 cxd4 19. cxd4 Nb8 20. e5 dxe5 21. Nxe5 Qd5 {[%csl Gb7][%cal Rd5g2] [#]} 22. f3 Nxe5 23. dxe5 Qc5+ 24. Qf2 (24. Qe3 {with more complications.} Qxe3+ 25. Rxe3 Nc6 26. Ne2 e6 27. Rd7) 24... Bxe5 $2 {[%mdl 8192] Loses the game.} (24... Qxf2+ $11 {and Black has nothing to worry.} 25. Kxf2 Rc2+ 26. Re2 Rxe2+ 27. Nxe2 Bxe5) 25. Qxc5 $18 Rxc5 26. Bxe7 {[%mdl 64] [#] Double Attack} Rxb5 27. axb5 Bxg3 28. Bxf8 Kxf8 29. Rd8+ Kg7 30. Ree8 Nc6 $2 (30... Na6 31. bxa6 Bxa6 32. Rg8+ Kh7 33. Rh8+ Kg7 34. Rhg8+ Kh7 35. Rh8+ Kg7 36. Rdg8+ Kf6 37. Rxh5 Be5 38. Rxe5 Kxe5) 31. Rd7 {Accuracy: White = 72%, Black = 60%.} 1-0

[Event "WSTCC-50 2020"]
[Site "Prague"]
[Date "2020.03.11"]
[Round "6.21"]
[White "Kozak, Milos"]
[Black "Sokolin, Leonid"]
[Result "1/2-1/2"]
[WhiteElo "2174"]
[BlackElo "2496"]
[Annotator "TA"]
[PlyCount "25"]
[EventDate "2020.03.06"]
[EventType "team-tourn"]
[EventCountry "CZE"]
[SourceTitle "playchess.com"]
[Source "ChessBase"]
[SourceQuality "1"]

{[%evp 9,25,24,70,79,77,77,87,78,87,27,94,60,81,87,93,83,116,129]} 1. d4 g6 2. c4 Bg7 3. Nf3 c5 4. d5 f5 5. g3 e5 6. dxe6 {A40: Unusual replies to 1 d4.} dxe6 7. Qxd8+ Kxd8 {[#]} 8. Nc3 $146 ({Predecessor:} 8. Bg5+ Nf6 9. Nc3 h6 10. O-O-O+ Nbd7 11. Bf4 Ng4 12. Be3 Nxe3 13. fxe3 Ke7 14. Kc2 Bxc3 15. Kxc3 {1-0 (34) Van Drunick,J-Solodovnichenko,Y (2571) Leiden 2009}) 8... Nc6 9. Bd2 ({Better is} 9. Bg5+ $16 Ke8 10. Bg2) 9... Nf6 (9... b6 $11) 10. O-O-O {Threatens to win with Bh6+.} Ke7 {[#]} 11. Bg2 $1 {White is better.} Bd7 12. Bf4 Rac8 13. Bd6+ 1/2-1/2

[Event "WSTCC-50 2020"]
[Site "Prague"]
[Date "2020.03.11"]
[Round "6.22"]
[White "Dolgitser, Konstantin"]
[Black "Bartos, Jan"]
[Result "1/2-1/2"]
[WhiteElo "2232"]
[BlackElo "2102"]
[Annotator "TA"]
[PlyCount "31"]
[EventDate "2020.03.06"]
[EventType "team-tourn"]
[EventCountry "CZE"]
[SourceTitle "playchess.com"]
[Source "ChessBase"]
[SourceQuality "1"]

{[%evp 15,31,0,3,-10,13,-9,4,-4,-4,-17,-10,-16,-13,-30,-23,-20,-27,-412]} 1. d4 Nf6 2. c4 e6 3. Nf3 d5 4. g3 Bb4+ 5. Bd2 Be7 6. Bg2 O-O 7. O-O c6 8. Qc2 Nbd7 9. Bc3 {E11: Bogo-Indian.} b6 10. Nbd2 Bb7 11. e4 {The position is equal.} dxc4 {[#]} 12. e5 $146 ({Predecessor:} 12. Nxc4 c5 13. Rfe1 cxd4 14. Nxd4 Rc8 15. b3 a6 16. Qe2 b5 17. Ba5 Qe8 18. e5 Bxg2 19. exf6 Nxf6 {1-0 (62) Mammadzada,G (2427)-Shuvalova,P (2434) Budva 2019}) 12... Nd5 13. Nxc4 Rc8 14. Ne3 c5 15. Nxd5 Bxd5 16. Rfe1 $2 {[%mdl 40960] White got outplayed after the opening. An unexpected result.} (16. Rfd1 $11) 1/2-1/2

[Event "WSTCC-50 2020"]
[Site "Prague"]
[Date "2020.03.11"]
[Round "6.23"]
[White "Trejbal, Stanislav"]
[Black "Koganov, Mikhail"]
[Result "0-1"]
[WhiteElo "2092"]
[BlackElo "2085"]
[Annotator "TA"]
[PlyCount "132"]
[EventDate "2020.03.06"]
[EventType "team-tourn"]
[EventCountry "CZE"]
[SourceTitle "playchess.com"]
[Source "ChessBase"]
[SourceQuality "1"]

{[%evp 9,132,0,16,-95,-84,-87,-85,-98,-91,-89,-43,-85,-78,-79,-81,-78,-64,-68,-30,-19,-29,-29,-25,-75,-74,-68,-73,-68,-51,-53,-47,-45,-49,-46,-43,-89,-16,-36,-38,-85,-37,-51,-26,-81,-77,-103,-101,-119,-119,-132,-138,-151,-141,-141,-123,-277,-260,-291,-302,-256,-257,-300,-298,-253,-170,-171,-174,-387,-385,-483,-483,-483,-276,-436,-420,-1073,-1069,-1247,-1226,-1120,-1023,-1120,-1203,-1170,-1112,-831,-854,-804,-767,-848,-832,-802,-771,-813,-789,-1943,-1903,-1919,-1700,-6583,-29948,-29948,-29955,-9449,-6972,-29962,-29963,-29964,-29966,-29967,-29970,-29969,-29969,-29968,-29970,-29972,-29971,-29972,-29973,-29970,-29973,-29977,-29978,-29973,-6436]} 1. e4 d6 2. d4 Nf6 3. Nc3 e5 4. d5 Be7 5. Nge2 {[#]} h5 $146 ({Predecessor:} 5... c6 6. g3 Qc7 7. Bg2 cxd5 8. exd5 Bf5 9. O-O Qd7 10. Re1 Bh3 11. Bh1 Qf5 {0-1 (44) Purenne,B (2239)-Germes,B (2021) Sautron 2012}) 6. Bg5 {B07: Pirc Defence: Miscellaneous Systems.} (6. f3 $11 {remains equal.}) 6... Nxd5 $1 $17 {[%mdl 64] Discovered Attack} 7. Bxe7 Nxe7 8. Qd2 {Black is better.} Be6 9. O-O-O Ng6 10. f4 exf4 11. Nxf4 Nxf4 12. Qxf4 Nd7 13. Bb5 O-O 14. Bxd7 Qxd7 15. e5 Bg4 16. Rd4 dxe5 17. Qxe5 Qe6 18. Qg5 Qg6 19. Qxg6 fxg6 20. h3 Be6 21. Re1 c5 $36 {[%mdl 2048] Black fights for an advantage.} 22. Rde4 Bf5 (22... Bd7 $1 $17) 23. Re7 Rf7 24. R1e5 Rxe7 25. Rxe7 {[%mdl 4096] Endgame KRB-KRN} b6 {[%cal Bb7b6,Bb6b5][%mdl 32]} 26. Nd5 (26. a4 $11) 26... Rd8 27. Ne3 {[#]} Bd7 $1 28. b3 Kf8 29. Re5 Re8 30. Nc4 b5 31. Rxe8+ Bxe8 {KB-KN} 32. Ne5 $2 {Loses the game.} (32. Na5 $17 {is a better defense.}) 32... Ke7 $19 33. Kd2 {[#]} Kd6 $1 {[%cal Rd6e5]} 34. Nd3 Bc6 35. g3 g5 36. Ke3 c4 37. bxc4 bxc4 38. Nf2 $2 (38. Nb2) 38... Ke5 39. h4 gxh4 40. gxh4 Bg2 (40... Kf5 $142 41. a3 g5 42. hxg5 Kxg5) 41. c3 (41. Nd1 {was forced.}) 41... a6 42. a3 (42. Nd1 $142 Ba8 43. Ke2) 42... Kf5 43. Nd1 Kg4 44. Kf2 Bb7 45. Ne3+ Kxh4 46. Nxc4 Kg5 47. Na5 Bc8 48. c4 Kf6 49. Nc6 Bb7 50. Nb4 Ke7 51. c5 a5 52. c6 Bc8 53. Nd5+ Kd6 {[%mdl 64] Double Attack} 54. Nf4 h4 55. Ng6 h3 56. Kg3 Kxc6 57. Ne7+ Kc7 {Black mates.} 58. Nd5+ Kd6 59. Nb6 Be6 60. Na4 g5 61. Nc3 g4 62. Ne2 Bd7 63. Nc3 Ke5 64. Ne2 a4 65. Nc1 Kd4 66. Ne2+ Kc4 {Accuracy: White = 48%, Black = 81%.} 0-1